<?xml version="1.0" encoding="UTF-8"?>
<record
    xmlns:xsi="http://www.w3.org/2001/XMLSchema-instance"
    xsi:schemaLocation="http://www.loc.gov/MARC21/slim http://www.loc.gov/standards/marcxml/schema/MARC21slim.xsd"
    xmlns="http://www.loc.gov/MARC21/slim">

  <leader>00420nam a22001217a 4500</leader>
  <datafield tag="999" ind1=" " ind2=" ">
    <subfield code="c">10119</subfield>
    <subfield code="d">10119</subfield>
  </datafield>
  <controlfield tag="003">OSt</controlfield>
  <controlfield tag="008">201218b           ||||| |||| 00| 0 eng d</controlfield>
  <datafield tag="245" ind1=" " ind2=" ">
    <subfield code="a">Journal of Engineering Education</subfield>
  </datafield>
  <datafield tag="250" ind1=" " ind2=" ">
    <subfield code="a">2009(Jan Vol.98 No.1, Apr Vol.98 No.2, Jul Vol.98 No.3, Oct Vol.98 No.4)</subfield>
  </datafield>
  <datafield tag="260" ind1=" " ind2=" ">
    <subfield code="b">American Society for Engineering Education</subfield>
    <subfield code="a">Washington, USA</subfield>
  </datafield>
  <datafield tag="650" ind1=" " ind2=" ">
    <subfield code="a">Electronics and Communication Engineering</subfield>
  </datafield>
  <datafield tag="942" ind1=" " ind2=" ">
    <subfield code="2">ddc</subfield>
    <subfield code="c">BV</subfield>
  </datafield>
  <datafield tag="952" ind1=" " ind2=" ">
    <subfield code="0">0</subfield>
    <subfield code="1">0</subfield>
    <subfield code="2">ddc</subfield>
    <subfield code="3">Bound Volume</subfield>
    <subfield code="4">0</subfield>
    <subfield code="7">1</subfield>
    <subfield code="8">BTECHECE</subfield>
    <subfield code="a">PIET</subfield>
    <subfield code="b">PIET</subfield>
    <subfield code="d">2020-12-21</subfield>
    <subfield code="e">American Society for Engineering Education</subfield>
    <subfield code="h">2009(Jan Vol.98 No.1, Apr Vol.98 No.2, Jul Vol.98 No.3, Oct Vol.98 No.4)</subfield>
    <subfield code="l">0</subfield>
    <subfield code="p">BV860</subfield>
    <subfield code="r">2020-12-21 00:00:00</subfield>
    <subfield code="w">2009-01-09</subfield>
    <subfield code="y">BV</subfield>
  </datafield>
</record>
